[Event "Val d'Isere"]
[Site "?"]
[Date "2004.08.19"]
[Round "3.19"]
[White "Deleva Mickael"]
[Black "Guadalpi David"]
[Result "0-1"]
[WhiteElo "2187"]
[BlackElo "2329"]
[PlyCount "78"]
[EventDate "2004.??.??"]
[Source "www.chesslib.no"]
[SourceDate "2004.05.04"]

1. d4 Nf6 2. c4 e6 3. Bg5 Bb4+ 4. Nd2 h6 5. Bh4 d5 6. e3 O-O 7. a3 Be7 8. Ngf3 Nbd7 9. Rc1 b6 10. cxd5 Nxd5 11. Bxe7 Nxe7 12. Bb5 Bb7 13. O-O c6 14. Bd3 Qb8 15. Qa4 Rd8 16. Rfd1 e5 17. dxe5 Nxe5 18. Nxe5 Qxe5 19. Qe4 Qxe4 20. Nxe4 c5 21. Nc3 Rac8 22. h3 Kf8 23. Be2 Nd5 24. Nxd5 Rxd5 25. Rxd5 Bxd5 26. Bc4 Bc6 27. Rd1 Ke7 28. Kf1 b5 29. Bd5 c4 30. Bxc6 Rxc6 31. Rc1 Kd6 32. Ke2 a5 33. f4 Kc5 34. b3 Rd6 35. Rc3 h5 36. a4 Kb4 37. Rc1 cxb3 38. axb5 b2 39. Rb1 Kb3 0-1